Movies Quiz

Random Movies or Director Quiz

David Fincher Movies Quiz Stats

 Plays Quiz Updated Mar 2, 2021

Support Sporcle.
Go Orange.
Score 0/11 Timer 05:00
0 Plays Today
Year Movie % Correct
1999Fight Club
91.4%
1995Se7en
85.5%
2014Gone Girl
74.8%
2020Mank
73%
2011The Girl With The Dragon Tattoo
67.1%
2008The Curious Case of Benjamin Button
66.7%
2007Zodiac
64.6%
1992Alien 3
57.1%
2002Panic Room
54.9%
2010The Social Network
49.5%
1997The Game
48.7%

From the Vault

'G' & 'H' Albums by 3 Singles

by ghcgh

Music 5m
Sometimes we do just G or just H. But they put in a request to be grouped together.
Remove Ads.
Support Sporcle.
Get the best of Sporcle when you Go Orange. This ad-free experience offers more features, more stats, and more fun while also helping to support Sporcle. Thank you for becoming a member.

Show Comments

Extras

Top Quizzes Today


Score Distribution

Your Account Isn't Verified!

In order to create a playlist on Sporcle, you need to verify the email address you used during registration. Go to your Sporcle Settings to finish the process.

Report this User

Report this user for behavior that violates our Community Guidelines.

Details: